00213nam a2200097Ia 4500008004100000041000800041082001100049100000900060245002200069260002400091231212s1976 xx 000 0 und d aeng a491.46 aNaik aApplied Chemistry aPunebDwara Sc1976